Count of Monte Cristo Aliases Quiz Stats

 Plays Quiz not verified by Sporcle

Also try: Wildean Witticisms
Challenge
Share
Tweet
Embed
Score 0/5 Timer 05:00
0 Plays Today
Hint Alias % Correct
The originalEdmond Dantès
97.1%
Saves MorrelSinbad the Sailor
76.8%
He gets information from CaderousseAbbé Busoni
68.5%
Performs some random acts of kindnessLord Wilmore
62.7%
Does the work to save MorrelThomson and French clerk
10.2%

You're not logged in!

Compare scores with friends on all Sporcle quizzes.
Join for Free
OR
Log In

You Might Also Like...

Show Comments

Extras

Top Quizzes Today


Score Distribution

Your Account Isn't Verified!

In order to create a playlist on Sporcle, you need to verify the email address you used during registration. Go to your Sporcle Settings to finish the process.

Report this User

Report this user for behavior that violates our Community Guidelines.

Details: